000 00561nam a2200169 a 4500
001 000037644
005 20201002031110.0
008 121023s2005 bl a 000 0 spa d
020 _a8589309118
040 _aDO-SdBNP
_bspa
_cBNPHU
100 1 _aSampaio, Consuelo Novais.
_964118
245 1 0 _a50 anos de urbanização :
_bSalvador da Bahia no século XIX /
_cConsuelo Novais Sampaio.
246 1 0 _aCinqüenta anos de urbanizaçáo
260 _aRio de Janeiro :
_bOdebrecht,
_c2005.
300 _a294 p. :
_bil. ;
_c32 cm.
504 _aBibliografía : p. 288-294
999 _c37134
_d37134